000 00431cam a22001337a 4500
008 180718b1986 xxu||||| |||| 00| 0 eng d
082 _aI5135x5441 AR/H
100 _aGujarat. High Level Administrative Reforms Committee
245 _aReport of the High Level Administrative Reforms Committee
260 _aGandhinagar
_bThe author
_c1986
300 _a108+p.
500 _aChairman: G.C. Baveja
700 _aBaveja, G.C. (Chairman)
999 _c489295
_d489295